2023 NRL Players - Statistics

General Stats
  • This quiz has been taken 1,139 times
  • The average score is 100 of 500
Answer Stats
Club Answer % Correct
Broncos Reece Walsh
90%
Broncos Adam Reynolds
76%
Broncos Payne Haas
70%
Bulldogs Josh Addo-Carr
68%
Panthers Nathan Cleary
67%
Broncos Selwyn Cobbo
62%
Broncos Kotoni Staggs
61%
Titans Klese Haas
60%
Broncos Patrick Carrigan
60%
Roosters Brandon Smith
59%
Broncos Ezra Mam
59%
Rabbitohs Latrell Mitchell
59%
Bulldogs Josh Reynolds
58%
Roosters Billy Smith
56%
Panthers Lindsay Smith
56%
Panthers Brian To'o
55%
Panthers Chris Smith
55%
Panthers Jarome Luai
55%
Knights Kalyn Ponga
55%
Storm Reimis Smith
55%
Rabbitohs Shaquai Mitchell
55%
Storm Cameron Munster
54%
Sea Eagles Cooper Johns
54%
Knights Jack Johns
54%
Broncos Jordan Riki
54%
Sharks Nicho Hynes
54%
Dragons Ben Hunt
53%
Broncos Herbie Farnworth
53%
Eels Mitchell Moses
53%
Warriors Shaun Johnson
53%
Broncos Billy Walters
52%
Roosters James Tedesco
52%
Sea Eagles Daly Cherry-Evans
51%
Panthers Stephen Crichton
51%
Rabbitohs Cody Walker
50%
Broncos Corey Oates
50%
Rabbitohs Michael Chee Kam
50%
Roosters Sam Walker
48%
Sharks Royce Hunt
47%
Eels Dylan Brown
46%
Warriors Dylan Walker
46%
Knights Hymel Hunt
46%
Dragons Jaiyden Hunt
46%
Cowboys Valentine Holmes
46%
Storm Xavier Coates
46%
Roosters Angus Crichton
45%
Panthers Dylan Edwards
45%
Eels Clint Gutherson
44%
Storm Harry Grant
44%
Panthers James Fisher-Harris
44%
Bulldogs Matt Burton
44%
Knights Dominic Young
43%
Bulldogs Fa'amanu Brown
43%
Cowboys Jamayne Taunoa-Brown
43%
Roosters Nathan Brown
43%
Raiders Hudson Young
42%
Panthers Isaah Yeo
42%
Storm Jahrome Hughes
42%
Raiders Josh Papalii
42%
Panthers Liam Martin
42%
Cowboys Scott Drinkwater
42%
Sea Eagles Tom Trbojevic
42%
Sea Eagles Jake Trbojevic
41%
Bulldogs Samuel Hughes
41%
Sea Eagles Ben Trbojevic
40%
Storm Eliesa Katoa
40%
Raiders Jack Wighton
40%
Titans David Fifita
39%
Tigers Isaiah Papali'i
39%
Dolphins Isaiya Katoa
39%
Sharks Sione Katoa
39%
Warriors Te Maire Martin
39%
Warriors Addin Fonua-Blake
38%
Eels Junior Paulo
38%
Titans Jayden Campbell
37%
Titans Jojo Fifita
37%
Storm Jordan Grant
37%
Broncos Kurt Capewell
37%
Broncos Thomas Flegler
37%
Rabbitohs Daniel Suluka-FIfita
36%
Roosters Jaxson Paulo
36%
Warriors Tohu Harris
36%
Dragons Viliame Fifita
36%
Rabbitohs Cameron Murray
35%
Rabbitohs Damien Cook
35%
Dragons Zac Lomax
35%
Dolphins Hamiso Tabuai-Fidow
34%
Panthers Izack Tago
34%
Dragons Jaydn Su'A
34%
Dolphins Jeremy Marshall-King
34%
Cowboys Tom Dearden
34%
Rabbitohs Campbell Graham
33%
Knights Dane Gagai
33%
Raiders Jarrod Croker
33%
Raiders Jordan Rapana
33%
Sea Eagles Lachlan Croker
33%
Knights Mat Croker
33%
Sharks Ronaldo Mulitalo
33%
Storm Ryan Papenhuyzen
33%
Sharks Wade Graham
33%
Rabbitohs Alex Johnston
32%
Roosters Daniel Tupou
32%
Dolphins Harrison Graham
32%
Dolphins Jamayne Isaako
32%
Sea Eagles Jason Saab
32%
Raiders Joey Tapine
32%
Storm Josh King
32%
Eels Maika Sivo
32%
Bulldogs Max King
32%
Panthers Moses Leota
32%
Panthers Taylan May
32%
Knights Bradman Best
31%
Broncos Deine Mariner
31%
Broncos Jesse Arthars
31%
Roosters Terrell May
31%
Cowboys Chad Townsend
30%
Dolphins Jesse Bromwich
30%
Tigers Junior Tupou
30%
Bulldogs Raymond Faitala-Mariner
30%
Cowboys Reuben Cotter
30%
Bulldogs Viliame Kikau
30%
Sharks William Kennedy
30%
Roosters Joseph Manu
29%
Dolphins Kenny Bromwich
29%
Roosters Lindsay Collins
29%
Tigers Luke Brooks
29%
Titans Alexander Brimson
28%
Knights Enari Tuala
28%
Raiders Jamal Fogarty
28%
Cowboys Jeremiah Nanai
28%
Storm Nick Meaney
28%
Bulldogs Reed Mahoney
28%
Sea Eagles Reuben Garrick
28%
Raiders Sebastian Kris
28%
Broncos Brendan Piakura
27%
Dolphins JJ Collins
27%
Roosters Luke Keary
27%
Storm William Warbrick
27%
Raiders Xavier Savage
27%
Sharks Blayke Brailey
26%
Broncos Corey Jensen
26%
Knights Jayden Brailey
26%
Panthers Mitch Kenny
26%
Panthers Sunia Turuva
26%
Titans Tino Fa'asuamaleaui
26%
Eels Waqa Blake
26%
Broncos Cory Paix
25%
Warriors Dallin Watene-Zelezniak
25%
Dolphins Felise Kaufusi
25%
Knights Jackson Hastings
25%
Bulldogs Jacob Kiraz
25%
Bulldogs Jake Averillo
25%
Eels Jakob Arthur
25%
Cowboys Kyle Feldt
25%
Sharks Oregon Kaufusi
25%
Eels Reagan Campbell-Gillard
25%
Cowboys Reece Robson
25%
Knights Tyson Frizell
25%
Titans Kieran Foran
24%
Broncos Kobe Hetherington
24%
Raiders Matt Timoko
24%
Panthers Spencer Leniu
24%
Warriors Charnze Nicoll-Klokstad
23%
Knights Daniel Saifiti
23%
Titans Iszac Fa'asuamaleaui
23%
Knights Jack Hetherington
23%
Knights Jacob Saifiti
23%
Cowboys Jason Taumalolo
23%
Sharks Jesse Ramien
23%
Warriors Marcelo Montoya
23%
Sharks Siosifa Talakai
23%
Dragons Tyrell Sloan
23%
Warriors Wayde Egan
23%
Sharks Braydon Trindall
22%
Storm Justin Olam
22%
Warriors Mitch Barnett
22%
Storm Nelson Asofa-Solomona
22%
Titans Toby Sexton
22%
Broncos Tyson Smoothy
22%
Eels Will Penisini
22%
Warriors Adam Pompey
21%
Sharks Briton Nikora
21%
Raiders Elliot Whitehead
21%
Bulldogs Jacob Preston
21%
Dolphins Kodi Nikorima
21%
Bulldogs Kyle Flanagan
21%
Broncos Martin Taupau
21%
Panthers Soni Luke
21%
Rabbitohs Thomas Burgess
21%
Roosters Victor Radley
21%
Titans Alofiana Khan-Pereira
20%
Sharks Cameron McInnes
20%
Storm Jayden Nikorima
20%
Eels J'maine Hopgood
20%
Broncos Jock Madden
20%
Warriors Luke Metcalf
20%
Cowboys Murray Taulagi
20%
Roosters Nat Butcher
20%
Titans Tanah Boyd
20%
Tigers Apisai Koroisau
19%
Storm Christian Welch
19%
Roosters Egan Butcher
19%
Rabbitohs Izaac Thompson
19%
Rabbitohs Lachlan Ilias
19%
Knights Leo Thompson
19%
Bulldogs Luke Thompson
19%
Warriors Rocco Berry
19%
Eels Ryan Matterson
19%
Dolphins Tesi Niu
19%
Raiders Tom Starling
19%
Broncos Xavier Willison
19%
Sharks Connor Tracey
18%
Knights Greg Marzhew
18%
Dragons Jack de Belin
18%
Roosters Joseph Suaalii
18%
Warriors Josh Curran
18%
Raiders Nick Cotric
18%
Panthers Scott Sorensen
18%
Eels Shaun Lane
18%
Sea Eagles Tolutau Koula
18%
Dolphins Tom Gilbert
18%
Raiders Albert Hopoate
17%
Eels Bailey Simonsson
17%
Dolphins Brenko Lee
17%
Eels Bryce Cartwright
17%
Warriors Bunty Afoa
17%
Raiders Corey Horsburgh
17%
Dolphins Euan Aitken
17%
Rabbitohs Jai Arrow
17%
Cowboys Jordan McLean
17%
Knights Kurt Mann
17%
Titans Phillip Sami
17%
Knights Tyson Gamble
17%
Tigers Alex Twal
16%
Dolphins Edrick Lee
16%
Sea Eagles Haumole Olakau'atu
16%
Dragons Jack Bird
16%
Warriors Jackson Ford
16%
Sharks Jack Williams
16%
Rabbitohs Jed Cartwright
16%
Rabbitohs Keaon Koloamatangi
16%
Broncos Keenan Palasia
16%
Bulldogs Paul Alamoti
16%
Knights Pheonix Crossland
16%
Dolphins Ray Stone
16%
Panthers Zac Hosking
16%
Rabbitohs Blake Taaffe
15%
Cowboys Brendan Elliot
15%
Titans Brian Kelly
15%
Sharks Dale Finucane
15%
Panthers Jack Cogger
15%
Dragons Jayden Sullivan
15%
Dolphins Mark Nicholls
15%
Eels Sean Russell
15%
Rabbitohs Taane Milne
15%
Sharks Teig Wilton
15%
Rabbitohs Tevita Tatola
15%
Dolphins Anthony Milford
14%
Broncos Blake Mozer
14%
Sea Eagles Brad Parker
14%
Bulldogs Braidon Burns
14%
Roosters Connor Watson
14%
Tigers David Klemmer
14%
Titans Erin Clark
14%
Warriors Freddy Lussick
14%
Bulldogs Hayze Perham
14%
Rabbitohs Isaiah Tass
14%
Roosters Jared Waerea-Hargreaves
14%
Eels Josh Hodgson
14%
Sea Eagles Josh Schuster
14%
Sea Eagles Kaeo Weekes
14%
Dragons Moses Suli
14%
Titans Sam Verrills
14%
Dolphins Sean O'Sullivan
14%
Sea Eagles Taniela Paseka
14%
Sharks Toby Rudolf
14%
Warriors Tom Ale
14%
Sea Eagles Aaron Woods
13%
Knights Bailey Hodgson
13%
Dragons Billy Burns
13%
Eels Brendan Hands
13%
Tigers Charlie Staines
13%
Cowboys Coen Hess
13%
Cowboys Heilum Luki
13%
Dolphins Jack Bostock
13%
Panthers Jaemon Salmon
13%
Tigers John Bateman
13%
Broncos Jordan Pereira
13%
Knights Lachlan Miller
13%
Dragons Mikaele Ravalawa
13%
Tigers Starford To'a
13%
Tigers Tommy Talau
13%
Storm Trent Loiero
13%
Dolphins Valynce Te Whare
13%
Tigers Daine Laurie
12%
Storm George Jennings
12%
Dragons Jacob Liddle
12%
Warriors Jazz Tevaga
12%
Storm Joe Chan
12%
Panthers Luke Garner
12%
Warriors Marata Niukore
12%
Dragons Mathew Feagai
12%
Dragons Max Feagai
12%
Titans Moeaki Fotuaika
12%
Cowboys Peta Hiku
12%
Storm Tui Kamikamica
12%
Storm Tyran Wishart
12%
Panthers Tyrone Peachey
12%
Raiders Zac Woolford
12%
Dragons Blake Lawrie
11%
Sharks Braden Hamlin-Uele
11%
Knights Brodie Jones
11%
Titans Chris Randall
11%
Raiders Danny Levi
11%
Raiders Emre Guler
11%
Roosters Fletcher Baker
11%
Titans Isaac Liu
11%
Cowboys Jake Granville
11%
Dolphins Jarrod Wallace
11%
Dragons Josh Kerr
11%
Sharks Kayal Iro
11%
Titans Keano Kini
11%
Sea Eagles Latu Fainu
11%
Cowboys Luciano Leilua
11%
Sea Eagles Morgan Harper
11%
Dolphins Robert Jennings
11%
Sea Eagles Samuela Fainu
11%
Tigers Shawn Blore
11%
Tigers Sione Fainu
11%
Sharks Thomas Hazelton
11%
Storm Tom Eisenhuth
11%
Broncos Benjamin Te Kura
10%
Tigers Brent Naden
10%
Roosters Drew Hutchison
10%
Knights Dylan Lucas
10%
Warriors Edward Kosi
10%
Dragons Francis Molo
10%
Storm Grant Anderson
10%
Rabbitohs Hame Sele
10%
Storm Jack Howarth
10%
Sea Eagles Josh Aloiai
10%
Knights Lachlan Fitzgibbon
10%
Panthers Matt Eisenhuth
10%
Dragons Michael Molo
10%
Raiders Pasami Saulo
10%
Sea Eagles Sean Keppie
10%
Rabbitohs Siliva Havili
10%
Tigers Stefano Utoikamanu
10%
Dragons Talatau Amone
10%
Titans Aaron Schoupp
9%
Tigers Adam Doueihi
9%
Storm Alec Macdonald
9%
Raiders Ata Mariota
9%
Titans Beau Fermor
9%
Roosters Ben Thomas
9%
Roosters Corey Allan
9%
Eels Daejarn Asi
9%
Broncos Delouise Hoeter
9%
Sea Eagles Ethan Bullemor
9%
Tigers Fonua Pole
9%
Rabbitohs Jacob Host
9%
Raiders James Schiller
9%
Tigers Joe Ofahengaue
9%
Broncos Josh Rogers
9%
Sea Eagles Kelma Tuilagi
9%
Roosters Matthew Lodge
9%
Roosters Siua Wong
9%
Storm Tariq Sims
9%
Sea Eagles Toafofoa Sipley
9%
Dragons Toby Couchman
9%
Storm Bronson Garlick
8%
Storm Chris Lewis
8%
Bulldogs Corey Waddell
8%
Rabbitohs Davvy Moale
8%
Bulldogs Franklin Pele
8%
Titans Jaimin Jolliffe
8%
Tigers Jake Simpkin
8%
Roosters Jake Turpin
8%
Cowboys James Tamou
8%
Titans Joe Stimson
8%
Storm Jonah Pezet
8%
Sea Eagles Karl Lawton
8%
Eels Makahesi Makatoa
8%
Storm Marion Seve
8%
Raiders Semi Valemei
8%
Cowboys Tom Chester
8%
Raiders Brad Schneider
7%
Sea Eagles Gordon Chan Kum Tong
7%
Cowboys Griffin Neame
7%
Raiders Harley Smith-Shields
7%
Eels Haze Dunster
7%
Bulldogs Jeral Skelton
7%
Rabbitohs Liam Knight
7%
Raiders Matt Frawley
7%
Roosters Naufau Whyte
7%
Warriors Ronald Volkman
7%
Bulldogs Ryan Sutton
7%
Raiders Trey Mooney
7%
Warriors Viliame Vailea
7%
Eels Wiremu Greig
7%
Knights Adam Elliott
6%
Tigers Alex Seyfarth
6%
Dragons Ben Murdoch-Masila
6%
Tigers Brandon Wakeham
6%
Raiders Corey Harawira-Naera
6%
Sharks Daniel Atkinson
6%
Tigers David Nofoaluma
6%
Cowboys Gehamat Shibasaki
6%
Bulldogs Jayden Okunbor
6%
Sharks Mawene Hiroti
6%
Eels Ofahiki Ogden
6%
Panthers Thomas Jenkins
6%
Titans Tom Weaver
6%
Storm Aaron Pene
5%
Knights Adam Clune
5%
Bulldogs Andrew Davey
5%
Tigers Asu Kepaoa
5%
Warriors Bayley Sironen
5%
Sea Eagles Ben Condon
5%
Sea Eagles Christian Tuipulotu
5%
Dragons Cody Ramsey
5%
Storm Cole Geyer
5%
Bulldogs Declan Casey
5%
Eels Isaac Lumelume
5%
Cowboys Jack Gosiewski
5%
Eels Jack Murchie
5%
Bulldogs Jackson Topine
5%
Titans Jacob Alick
5%
Rabbitohs Josiah Karapani
5%
Dolphins Kurt Donoghoe
5%
Panthers Mavrik Geyer
5%
Dragons Moses Mbye
5%
Raiders Peter Hola
5%
Sea Eagles Raymond Tuaimalo-Vaega
5%
Rabbitohs Richard Kennar
5%
Cowboys Riley Price
5%
Titans Sam McIntyre
5%
Roosters Sitili Tupouniua
5%
Warriors Taine Tuaupiki
5%
Bulldogs Bailey Biondi-Odo
4%
Bulldogs Chris Patolo
4%
Rabbitohs Dean Hawkins
4%
Broncos Ethan Quai
4%
Dolphins Herman Ese'ese
4%
Bulldogs Jayden Tanner
4%
Sharks Jesse Colquhoun
4%
Titans Jo Vuna
4%
Sharks Kade Dykes
4%
Titans Ken Maumalo
4%
Titans Kruise Leeming
4%
Broncos Logan Bayliss
4%
Eels Matt Doorey
4%
Cowboys Mitchell Dunn
4%
Roosters Paul Momirovski
4%
Rabbitohs Peter Mamouzelos
4%
Knights Simi Sasagi
4%
Dragons Tautau Moga
4%
Storm Tepai Moeroa
4%
Bulldogs Tevita Pangai Jnr
4%
Dragons Zane Musgrove
4%
Raiders Adrian Trevilyan
3%
Cowboys Ben Hampton
3%
Warriors Brayden Wiliame
3%
Storm Dean Ieremia
3%
Warriors Demitric Sifakula
3%
Sharks Jayden Berrell
3%
Eels Jirah Momoisea
3%
Tigers Justin Matamua
3%
Dolphins Mason Teague
3%
Sharks Matt Ikuvalu
3%
Eels Mitch Rein
3%
Dragons Paul Turner
3%
Dolphins Poasa Faamausili
3%
Sharks Siteni Taukamo
3%
Titans Thomas Mikaele
3%
Tigers Apisalome Saukuru
2%
Rabbitohs Ben Lovett
2%
Tigers Brandon Tumeth
2%
Raiders Clay Webb
2%
Dolphins Connelly Lemuele
2%
Panthers Eddie Blacker
2%
Knights Krystian Mapapalangi
2%
Eels Ky Rodwell
2%
Cowboys Laitia Moceidreke
2%
Sea Eagles Morgan Boyle
2%
Sea Eagles Nathaniel Roache
2%
Dragons Nick Lui-Toso
2%
Dolphins Oliver Gildart
2%
Bulldogs Reece Hoffman
2%
Cowboys Taniela Sadrugu
2%
Rabbitohs Terrell Kalo Kalo
2%
Titans Treymain Spry
2%
Tigers Tuki Simpkins
2%
Sharks Tuku Hau Tapuha
2%
Dragons Tyrell Fuimaono
2%
Warriors Valingi Kepu
2%
Sea Eagles Zac Fulton
2%
Dragons Alec Tuitavake
1%
Knights Chris Vea'ila
1%
Cowboys Jordan Lipp
1%
No matching quizzes found
Score Distribution
Percent of People with Each Score
Percentile by Number Answered
Your Score History
You have not taken this quiz